Teorie a terapie Johna Maynarda Keynese
Odkaz a význam keynesovskej teórie pre vývoj ekonomickej teórie a hospodárskej politiky 20. storočia. Život a dielo Johna Maynarda Keynesa (1883-1946). Teoretický prínos Keynesovho učenia. Keynesovská hospodárska politika.
Salvato in:
| Autore principale: | |
|---|---|
| Natura: | Capitolo di libro |
| Lingua: | ceco |
| Soggetti: | |
| Tags: |
Nessun Tag, puoi essere il primo ad aggiungerne!!
|
MARC
| LEADER | 00000naa a2200000 4500 | ||
|---|---|---|---|
| 001 | r021391 | ||
| 005 | 20230920092018.4 | ||
| 041 | 0 | |a cze | |
| 044 | |a CZ | ||
| 245 | 1 | 0 | |a Teorie a terapie Johna Maynarda Keynese |c Milan Sojka |
| 520 | |a Odkaz a význam keynesovskej teórie pre vývoj ekonomickej teórie a hospodárskej politiky 20. storočia. Život a dielo Johna Maynarda Keynesa (1883-1946). Teoretický prínos Keynesovho učenia. Keynesovská hospodárska politika. | ||
| 610 | 2 | 0 | |a teórie ekonomické |
| 610 | 2 | 0 | |a politika hospodárska |
| 610 | 2 | 0 | |a keynesizmus |
| 610 | 2 | 0 | |a Keynes, J.M. |
| 100 | 1 | |a Sojka, Milan | |